Normal view
MARC view
Entry Personal Name
001 - CONTROL NUMBER
- control field: 36507
003 - CONTROL NUMBER IDENTIFIER
- control field: OSt
005 - DATE AND TIME OF LATEST TRANSACTION
- control field: 20230303165738.0
008 - FIXED-LENGTH DATA ELEMENTS
- fixed length control field: 230303|| aca||aabn | a|a d
040 ## - CATALOGING SOURCE
- Original cataloging agency: OSt
- Transcribing agency: OSt
100 ## - HEADING--PERSONAL NAME
- Personal name: Brazil, Noli and Portier, Amanda
670 ## - SOURCE DATA FOUND
- Source citation: Work cat.: (OSt)521312: Brazil, Noli and Portier, Amanda , Investing in gentrification: The eligibility of gentrifying neighborhoods for federal place-based economic investment in U.S. cities
